000 00980nam a2200217 a 4500
005 20171004161624.0
008 140522s2013 ck gr 00010 spa d
020 _a9789587630824
040 _aCO-BoBLA
_bspa
_cSandra Palacio (modificó)
_dSandra Palacio (modificó)
041 0 _aspa
100 1 _aGómez Meneses, Joaquín Alonso
_987516
245 1 0 _aMedios ciudadanos y conflictos urbanos
_bexpresiones de periodismo y participación en Colombia
_cJoaquín Gómez Meneses
260 _aBogotá (Colombia)
_bUNIMINUTO
_c2013
300 _a188 páginas
650 1 7 _aViolencia urbana
_xCubrimiento periodístico
_zColombia
_926291
650 2 7 _aCiudadanía
_zColombia
_97408
650 2 7 _aMovimientos sociales
_xCubrimiento periodístico
_zColombia
_919847
710 1 _aCorporación Universitaria Minuto de Dios. UNIMINUTO
_bFacultad de Ciencias de la Comunicación
_987517
942 _2DEWEY
_a5
_cLIBRO
_e1
_h303.60986
_mG569mc
999 _c255389
_d255389